LEADER 01082nam a2200277 a 4500 001 000000126328 003 CaOOAMICUS 005 20110916114622.0 008 110916s2011 it adkc u000 u ita r 040 $aPUL$bita 082 04$a510 245 02$aL'armonia delle sfere :$bAstronomia e matematica. 260 $aMilano :$bRBA Italia,$c©2011. 300 $a175 p. :$bill., grafici, form., ritr. ;$c24 cm 490 1 $aMondo matematico 500 $aInclude indice. 504 $aBibliografia p. 171. 650 4$aMatematica e astronomia.$0(OLS)http://pul/subject/38217 830 0$aMondo matematico (RBA Italia).$0(OLS)http://pul/title/156832 850 $aPUL 852 $aPUL$W1$xDP2 Cons. Gen., Altre Classi 3$y97$m510 COLL 1.30$j145772$qDDC 21$B144589$CPULBib$Z2$F144589 $H117964 $82 941 1 $a9 996 $6082$a510$9(OLS)http://pul/classification/517 996 $6245$aL'armonia delle sfere :$bAstronomia e matematica$9(OLS)http://pul/title/159540 996 $6260$aMilano :$bRBA Italia$9(OLS)http://pul/publisher/80118 LEADER 01202naa a2200217 u 4500 001 000000098333 003 CaOOAMICUS 005 20070226130154.0 008 050531s1985 it u000 u ita u 035 $a11047631 040 $aIAR$bita 100 1 $aVoltolini, Alberto.$0(OLS)http://pul/name/62084 245 10$aDal solipsismo come verità ineffabile ai truismi come certezza inespressa :$bFenomenologia e grammatica del "secondo" Wittgenstein /$cAlberto Voltolini. 260 $aPisa :$bScuola Normale,$c1985. 300 $aS. 1035-1077 ;$c25 cm 600 14$aWittgenstein, Ludwig,$d1889-1951$xFilosofia.$0(OLS)http://pul/subject/2057 730 0 $aAnnali della Scuola normale superiore di Pisa, Classe di lettere e filosofia$g[Spogli].$0(OLS)http://pul/title/24292 773 0 $tAnnali della Scuola Normale Superiore di Pisa$gSerie III, vol. XV,3 (1985) 773 0 $tAnnali della Scuola normale superiore di Pisa, Classe di lettere e filosofia$w()16982 996 $6245$aDal solipsismo come verità ineffabile ai truismi come certezza inespressa :$bFenomenologia e grammatica del "secondo" Wittgenstein$9(OLS)http://pul/title/125213 996 $6260$aPisa :$bScuola Normale$9(OLS)http://pul/publisher/79182 LEADER 01339nam a2200337 a 4500 001 000000134044 003 CaOOAMICUS 005 20130524130544.0 008 130524s2004 it u000 u ita r 020 $z88-7016-490-X* 040 $aPUL$bita 041 1 $aita$heng 082 04$a220.6 100 1 $aLong, Thomas G.$0(OLS)http://pul/name/86385 240 10$aHebrews.$lItaliano.$0(OLS)http://pul/title/139717 245 10$aEbrei /$cThomas G. Long ; edizione italiana a cura di Giorgio Girardet. 260 $aTorino :$bClaudiana,$c©2004. 300 $a200 p. ;$c24 cm. 490 1 $aStrumenti. Commentari ;$v20 504 $aBibliografia: p. 181-185. 630 04$aBiblia.$pN.T.$pAd Hebraeos$xCommenti.$0(OLS)http://pul/subject/14459 700 1 $aGirardet, Giorgio.$0(OLS)http://pul/name/40374 830 0$aStrumenti (Claudiana).$pCommentari ;$v20.$0(OLS)http://pul/title/133061 850 $aPUL 852 $aPUL$W1$xSL Religione 3$y85$m220. 6 COLL 1.20$j154115$qDDC 21$B153666$CPULBib$Z2$F153666 $H122493 $82 941 1 $a9 996 $6020$z88-7016-490-X*$9(OLS)http://pul/number/152819 996 $6082$a220.6$9(OLS)http://pul/classification/388 996 $6245$aEbrei$9(OLS)http://pul/title/49484 996 $6260$aTorino :$bClaudiana$9(OLS)http://pul/publisher/48072